Vista normal
Vista MARC
Entrada Topical Term
Número de registros utilizados en: 3
001 - CONTROL NUMBER
- control field: 6432
003 - CONTROL NUMBER IDENTIFIER
- control field: OSt
005 - DATE AND TIME OF LATEST TRANSACTION
- control field: 20230915225842.0
008 - FIXED-LENGTH DATA ELEMENTS
- fixed length control field: 230915|| aca||aabn | a|a d
040 ## - CATALOGING SOURCE
- Original cataloging agency: OSt
- Transcribing agency: OSt
150 ## - HEADING--TOPICAL TERM
- Topical term or geographic name entry element: ENFERMEDADES - ASPECTOS LEGALES
670 ## - SOURCE DATA FOUND
- Source citation: Work cat.: (OSt)19219: Encuentro sobre responsabilidad, 2o. instituto antioqueño de responsabilidad civil y del estado. junio 8 de 1995 6431, Responsabilidad por transmisión de enfermedades, 1995